=LDR 00000nam 2200000 4500 =001 INLIS000000000010947 =005 20130612102544 =008 ***********************************Ind** =035 ##$$0010-061300000010947 =041 ##$$a Ind =082 ##$$a 678.62 =090 ##$$a 678.62, Thi-m =100 ##$$a Thio Goan 100 =245 ##$$a Mengelola karet Alam Khusus untuk para petani kecil dan menegak, Thian Goan100 =260 ##$$a 19980 $b jakarta =300 ##$$a 163 hlm, ilus., 21 cm =650 ##$$a Karet alam =850 ##$$a NBPNMAT